000 00760cam a22002533a 4500
001 12109
003 PGUSA
005 20140828083245.0
008 040401s2004||||xxu|||||s|||||000 p eng d
040 _aPGUSA
_beng
042 _adc
050 4 _aPZ
100 1 _aCaldecott, Randolph,
_d1846-1886
245 1 4 _aThe House That Jack Built :
_bOne of R. Caldecott's Picture Books
_h[electronic resource] /
_cRandolph Caldecott
260 _bProject Gutenberg,
_c2004
506 _aPublic domain in the USA.
516 _aElectronic text
653 _aChildren's poetry, English
653 _aPicture books for children
653 _aNursery rhymes
830 0 _aProject Gutenberg
_v12109
856 4 0 _uhttp://www.gutenberg.org/ebooks/12109
942 _cEB
999 _c241364
_d241364